La comédie humaine. (Record no. 186087)

MARC details
000 -LEADER
campo de control de longitud fija 01023nam a2200217 i 4500
001 - NÚMERO DE CONTROL
campo de control 186087
003 - IDENTIFICADOR DE NÚMERO DE CONTROL
campo de control ES-MaACL
005 - FECHA Y HORA DE LA ÚLTIMA TRANSACCIÓN
campo de control 20250927121604.0
008 - DATOS DE LONGITUD FIJA--INFORMACIÓN GENERAL
campo de control de longitud fija 160907s1935 fr |||| | fre d
100 1# - ENTRADA PRINCIPAL--NOMBRE DE PERSONA
Nombre de persona Balzac, Honoré de,
Fechas asociadas al nombre 1799-1850
9 (RLIN) 25139
245 13 - MENCIÓN DEL TÍTULO
Título La comédie humaine.
Número de parte o sección de la obra I,
Nombre de parte o sección de la obra Études des moeurs. Scènes de la vie privée. I /
Mención de responsabilidad, etc. Balzac ; texte établi et préfacé par Marcel Bouteron.
260 ## - PUBLICACIÓN, DISTRIBUCIÓN, ETC.
Lugar de publicación, distribución, etc. [Paris] :
Nombre del editor, distribuidor, etc. Éd. de la Nouvelle Revue française,
Fecha de publicación, distribución, etc. 1935.
300 ## - DESCRIPCIÓN FÍSICA
Extensión XXXV, 1065 p. ;
Dimensiones 18 cm.
490 1# - MENCIÓN DE SERIE
Mención de serie Bibliothèque de la Pléiade ;
Designación de volumen o secuencia 26
505 8# - NOTA DE CONTENIDO CON FORMATO
Nota de contenido con formato Contiene: La maison du Chat-qui-pelote ; Le bal de Sceaux ; Mémoires de deux jeunes mariées ; La bourse ; Modeste Mignon ; Un début dans la vie ; Albert Savarus ; La Vendetta ; Une double famille ; La paix du ménage ; Madame Firmiani ; Étude de femme
700 1# - ENTRADA AGREGADA--NOMBRE PERSONAL
Nombre de persona Bouteron, Marcel,
Fechas asociadas al nombre 1877-1962
9 (RLIN) 160767
830 0# - PUNTO DE ACCESO ADICIONAL DE SERIE-TÍTULO UNIFORME
Título uniforme Bibliothèque de la Pléiade ;
Designación de volumen o secuencia 26
9 (RLIN) 180233
852 ## - LOCALIZACIÓN
Ubicación ES-MaACL
Número de control de estantería E-5146
942 ## - ELEMENTOS DE ENTRADA SECUNDARIOS (KOHA)
Fuente del sistema de clasificación o colocación Clasificación decimal universal
Holdings
Estatus retirado Estado de pérdida Estado de daño No para préstamo Biblioteca de origen Biblioteca actual Ubicación en estantería Fecha de adquisición Fuente de adquisición Total de préstamos Signatura topográfica completa Código de barras Visto por última vez Precio de reemplazo Tipo de ítem Koha
        Biblioteca del Ateneo de Madrid Biblioteca del Ateneo de Madrid Depósito 2 07/09/2016     E-5146 1196192 23/02/2023 23/02/2023 Libro impreso